00346nam a2200145Ia 4500008004100000020001500041041001200056082001600068100001500084245004800099250000800147260002100155300000800176650001600184221030s9999 xx 000 0 und d a8120308557 aEnglish a105.23bMan aM. M. Mano 0aComputer System Architecturecby M. M. Mano a3rd bPHIaDelhic2004 a525 aBE Computer